Statistics for Toxins and Poisons

Click here to take the quiz!

General Stats

  • This quiz has been taken 39 times
  • The average score is 3 of 14

Answer Stats

HintAnswer% Correct
Inhibits mitochondrial cytochrome oxidase and blocks oxidative metabolism.Cyanide
76%
Blocks glycine receptors, resulting in muscle spasms.Strychnine
38%
Binds to presynaptic receptors and prevents release of Ach vesicles.Botulinum toxin
28%
From nightshade, competitively inhibits muscarinic Ach receptors.Atropine
24%
Agonist at nicotinic Ach receptors.Nicotine
24%
Gaseous form burns eyes and lungs. Liquid form seeps through skin and breaks down bones.Hydrofluoric acid
14%
Voltage gated Na channel blocker.Tetrodotoxin
14%
From fungi, overstimulates muscarinic Ach receptors.Muscarine
10%
Blocks Nicotinic Ach receptors.Curare
7%
Blocks glycine release in CNS, by binding to receptors in the brain stem and spinal chord.Tetanus
7%
From snakes, binds and blocks nicotinic receptors.Alpha-bungarotoxin
3%
Black widow spider venom, causes over release of Ach.Alpha-Latrotoxin
3%
Antibodies against Ach receptors.Myasthenia gravis
3%
Inhibits Na/K ATPase.Ouabain
0%

Score Distribution

Percentile by Number Answered

Percent of People with Each Score

Your Score History

You have not taken this quiz